000 00583nam a22001817a 4500
008 160818b xxu||||| |||| 00| 0 eng d
020 _a978-2-230-01314-8
082 _22007
_aDC 425
_bB21
100 _912976
_aBallard, Kim
245 _aThe frameworks of English :
_bintroducing language structures /
_cKim Ballard.
250 _aSecond Edition
260 _aNew York :
_bPalgrave Macmillan,
_cc2007.
300 _axiv, 353 pages;
_c23 cm.
500 _aIncludes glossary and index.
650 0 _912977
_aEnglish language -- Grammar
365 _b3,455.00
_cPhp
942 _2ddc
_cDC
999 _c3891
_d3891